| 000 | 00792nas a22002657i 4500 | ||
|---|---|---|---|
| 999 |
_c200447225 _d65437 |
||
| 003 | TR-AnTOB | ||
| 005 | 20230919001314.0 | ||
| 007 | ta | ||
| 008 | 220208m19991995tu an p 0 0tur d | ||
| 040 |
_aTR-AnTOB _beng _erda _cTR-AnTOB |
||
| 041 | 0 | _atur | |
| 050 | 4 |
_aHD7211.93 _b.İ8 |
|
| 090 |
_aHD7211.93 _b.İ8 |
||
| 245 | 0 | 0 |
_aİstatistik yıllığı = _bStatistical yearbook. |
| 246 | 3 | 0 | _aStatistical yearbook. |
| 264 | 1 |
_aAnkara : _bBAĞ-KUR, _c1998- |
|
| 300 |
_avolumes : _btables ; _c24 cm |
||
| 336 |
_atext _btxt _2rdacontent |
||
| 337 |
_aunmediated _bn _2rdamedia |
||
| 338 |
_avolume _bnc _2rdacarrier |
||
| 650 | 7 |
_aSosyal güvenlik _zTürkiye _vİstatistikler _vSüreli yayınlar _2etuturkob _96511 |
|
| 942 |
_2lcc _cCR |
||